[Event "Leyland op"]
[Site "Leyland"]
[Date "2019.08.25"]
[Round "3"]
[White "Ross, Stuart"]
[Black "Sheard, Martin"]
[Result "1/2-1/2"]
[WhiteElo "1635"]
[BlackElo "1839"]
[PlyCount "25"]
[EventDate "2019.08.24"]
[EventType "swiss"]
[EventRounds "6"]
[EventCountry "ENG"]
[SourceTitle "EXT 2020"]
[Source "ChessBase"]
[SourceDate "2019.10.17"]
[SourceVersion "1"]
[SourceVersionDate "2019.10.17"]
[SourceQuality "1"]

1. e4 e5 2. Nf3 Nf6 3. Nxe5 d6 4. Nf3 Nxe4 5. d4 d5 6. Bd3 Nc6 7. 0-0 Be7 8. c4 Nb4 9. Be2 0-0 10. Nc3 Bf5 11. a3 Nc6 12. Nxd5 Bd6 13. Be3 1/2-1/2

[Event "Leyland op"]
[Site "Leyland"]
[Date "2019.08.24"]
[Round "1"]
[White "Haslinger, Gareth"]
[Black "Sheard, Martin"]
[Result "1/2-1/2"]
[WhiteElo "2035"]
[BlackElo "1839"]
[PlyCount "104"]
[EventDate "2019.08.24"]
[EventType "swiss"]
[EventRounds "6"]
[EventCountry "ENG"]
[SourceTitle "EXT 2020"]
[Source "ChessBase"]
[SourceDate "2019.10.17"]
[SourceVersion "1"]
[SourceVersionDate "2019.10.17"]
[SourceQuality "1"]

1. d4 Nf6 2. Nf3 b6 3. Bf4 Bb7 4. e3 e6 5. Bd3 c5 6. c3 Nc6 7. 0-0 Be7 8. h3 0-0 9. a3 Rc8 10. Qe2 d6 11. e4 cxd4 12. cxd4 d5 13. e5 Ne4 14. Nbd2 Nxd2 15. Bxd2 Na5 16. Bxa5 bxa5 17. Rac1 Qb6 18. Rfe1 Rc6 19. Rxc6 Qxc6 20. Qd2 Qb6 21. Rc1 g6 22. Rc3 Rc8 23. Qc1 Rc6 24. Be2 Rxc3 25. Qxc3 Kg7 26. Nd2 a4 27. Nf3 Qc6 28. Qxc6 Bxc6 29. Kf1 Bd8 30. Ke1 Ba5+ 31. Kd1 Kf8 32. Bd3 Ke7 33. Ke2 Bd7 34. Ke3 Bc6 35. Nd2 Bxd2+ 36. Kxd2 a5 37. Kc3 Kd8 38. h4 Ke7 39. g4 Kf8 40. f4 Kg7 41. f5 Bd7 42. fxe6 fxe6 43. Kd2 h6 44. g5 hxg5 45. hxg5 Kf7 46. Kc3 Kg7 47. Ba6 Kf7 48. Bd3 Kg7 49. Bc2 Kf7 50. b3 axb3 51. Bxb3 Ke7 52. Bc2 Kf7 1/2-1/2

[Event "Bolton 4NCL op-A 4th"]
[Site "Bolton"]
[Date "2015.09.13"]
[Round "4.9"]
[White "Talbot, Nathan"]
[Black "Sheard, Martin"]
[Result "1-0"]
[WhiteElo "2035"]
[BlackElo "1851"]
[PlyCount "41"]
[EventDate "2015.09.11"]
[EventType "swiss"]
[EventRounds "5"]
[EventCountry "ENG"]
[SourceTitle "EXT 2023"]
[Source "ChessBase"]
[SourceDate "2022.10.05"]
[SourceVersion "1"]
[SourceVersionDate "2022.10.05"]
[SourceQuality "1"]

1. Nf3 Nf6 2. g3 b6 3. Bg2 Bb7 4. 0-0 c5 5. d3 g6 6. e4 d6 7. c3 Bg7 8. Na3 0-0 9. Re1 Nfd7 10. d4 cxd4 11. cxd4 Nc6 12. Nc2 Rc8 13. Bd2 Qc7 14. Rc1 Qb8 15. Bc3 Rfd8 16. Qe2 Re8 17. a3 a6 18. Ne3 b5 19. b4 Na7 20. Qa2 Bxe4 21. Ng5 1-0

[Event "Wakefield 4NCL op 2nd"]
[Site "Wakefield"]
[Date "2015.04.18"]
[Round "3"]
[White "Horton, Jamie A"]
[Black "Sheard, Martin"]
[Result "1-0"]
[WhiteElo "2045"]
[BlackElo "1864"]
[PlyCount "53"]
[EventDate "2015.04.17"]
[EventType "swiss"]
[EventRounds "5"]
[EventCountry "ENG"]
[SourceTitle "CBM 166 Extra"]
[Source "ChessBase"]
[SourceDate "2015.06.18"]
[SourceVersion "1"]
[SourceVersionDate "2015.06.18"]
[SourceQuality "1"]

1. e4 d5 2. exd5 Qxd5 3. Nc3 Qd6 4. g3 Nf6 5. Bg2 Nc6 6. Nb5 Qd8 7. Ne2 a6 8. Na3 Bg4 9. f3 Bc8 10. Nc4 e5 11. d3 Be6 12. Be3 Nd5 13. Bf2 Be7 14. Ne3 Bb4+ 15. c3 Bc5 16. Nxd5 Bxf2+ 17. Kxf2 Qxd5 18. Qd2 0-0-0 19. Rhd1 Rhe8 20. Qe3 Qd6 21. b4 f6 22. a4 Nb8 23. Rab1 Bf5 24. Nc1 Qc6 25. c4 Qxa4 26. Nb3 Qa2+ 27. Kg1 1-0

[Event "BCF-ch Major op"]
[Site "North Shields"]
[Date "2012.07.25"]
[Round "3.51"]
[White "Robinson, Brian"]
[Black "Sheard, Martin"]
[Result "1/2-1/2"]
[WhiteElo "1720"]
[BlackElo "1951"]
[PlyCount "64"]
[EventDate "2012.07.23"]
[EventType "swiss"]
[EventRounds "11"]
[EventCountry "ENG"]
[SourceTitle "EXT 2023"]
[Source "ChessBase"]
[SourceDate "2022.10.05"]
[SourceVersion "1"]
[SourceVersionDate "2022.10.05"]
[SourceQuality "1"]

1. d4 d5 2. Nf3 Nf6 3. e3 c5 4. b3 g6 5. Bd3 Bg7 6. Bb2 0-0 7. 0-0 Nbd7 8. Nbd2 Qc7 9. Rc1 b6 10. c4 Bb7 11. dxc5 Qxc5 12. Qe2 Rac8 13. Rc2 Qd6 14. Rfc1 Rfe8 15. cxd5 Nxd5 16. Bxg7 Kxg7 17. Rxc8 Rxc8 18. Rxc8 Bxc8 19. Nc4 Qb4 20. Qb2+ Qc3 21. Qxc3+ Nxc3 22. a3 Nc5 23. Bc2 f6 24. Nd4 Bd7 25. b4 Nb7 26. Kf1 e5 27. Ne2 Nxe2 28. Kxe2 Bb5 29. Bb3 Nd6 30. Kd3 f5 31. f3 Kf6 32. Kc3 Nxc4 1/2-1/2

[Event "BCF-ch Major op"]
[Site "North Shields"]
[Date "2012.07.24"]
[Round "2.50"]
[White "Sheard, Martin"]
[Black "Wynarczyk, Raymond"]
[Result "1/2-1/2"]
[WhiteElo "1951"]
[BlackElo "1954"]
[PlyCount "69"]
[EventDate "2012.07.23"]
[EventType "swiss"]
[EventRounds "11"]
[EventCountry "ENG"]
[SourceTitle "EXT 2023"]
[Source "ChessBase"]
[SourceDate "2022.10.05"]
[SourceVersion "1"]
[SourceVersionDate "2022.10.05"]
[SourceQuality "1"]

1. Nf3 d5 2. d4 Nf6 3. c4 e6 4. g3 a6 5. Bg2 dxc4 6. Ne5 Bb4+ 7. Nc3 0-0 8. Nxc4 Nd5 9. Qc2 b5 10. Ne5 Bb7 11. e4 Nxc3 12. bxc3 Qxd4 13. cxb4 Qxa1 14. Nd3 Nc6 15. 0-0 Qd4 16. a3 Qc4 17. Qxc4 bxc4 18. Nc5 Nd8 19. Nxb7 Nxb7 20. e5 Rab8 21. Be3 Nd8 22. Rc1 Rb5 23. Bc5 Re8 24. Rxc4 c6 25. Bd6 f6 26. Bxc6 Nxc6 27. Rxc6 Ra8 28. Bc5 Kf7 29. Rc7+ Kg6 30. Re7 Kf5 31. exf6 Kxf6 32. Rd7 a5 33. Kg2 Rc8 34. Ra7 axb4 35. Bxb4 1/2-1/2

[Event "IECC M-5420"]
[Site "IECC email"]
[Date "2006.02.03"]
[Round "?"]
[White "Denayer, William"]
[Black "Sheard, Martin"]
[Result "1-0"]
[WhiteElo "2045"]
[BlackElo "1942"]
[PlyCount "67"]
[EventDate "2006.??.??"]
[EventType "tourn (corr)"]
[EventRounds "10"]
[SourceTitle "Corr 2020"]
[Source "ChessBase"]
[SourceDate "2019.09.30"]
[SourceVersion "1"]
[SourceVersionDate "2019.09.30"]
[SourceQuality "1"]
[WhiteTeam "Belgium"]
[BlackTeam "England"]
[WhiteTeamCountry "BEL"]
[BlackTeamCountry "ENG"]

1. e4 e5 2. Nf3 Nf6 3. Nxe5 d6 4. Nf3 Nxe4 5. d4 d5 6. Bd3 Nc6 7. 0-0 Be7 8. c4 Nb4 9. Be2 0-0 10. Nc3 Bf5 11. a3 Nxc3 12. bxc3 Nc6 13. cxd5 Qxd5 14. c4 Qe4 15. Ra2 Bf6 16. Rd2 Rfe8 17. h3 Qe7 18. Bd3 Bxd3 19. Rxd3 Rad8 20. Re1 Qd6 21. Rxe8+ Rxe8 22. Be3 Rd8 23. Qa4 a6 24. d5 Ne5 25. Nxe5 Bxe5 26. c5 Qg6 27. Rd1 h6 28. Qb3 Rb8 29. f4 Bf6 30. d6 cxd6 31. cxd6 b5 32. Qd5 Re8 33. Bf2 Qc2 34. d7 1-0

[Event "IECC M-5420"]
[Site "IECC email"]
[Date "2006.02.03"]
[Round "?"]
[White "Sheard, Martin"]
[Black "Denayer, William"]
[Result "0-1"]
[WhiteElo "1955"]
[BlackElo "2032"]
[PlyCount "68"]
[EventDate "2006.??.??"]
[EventType "tourn (corr)"]
[EventRounds "10"]
[SourceTitle "Corr 2020"]
[Source "ChessBase"]
[SourceDate "2019.09.30"]
[SourceVersion "1"]
[SourceVersionDate "2019.09.30"]
[SourceQuality "1"]
[WhiteTeam "England"]
[BlackTeam "Belgium"]
[WhiteTeamCountry "ENG"]
[BlackTeamCountry "BEL"]

1. Nf3 d5 2. b3 Bg4 3. Bb2 Nd7 4. g3 Ngf6 5. Bg2 e6 6. d3 c6 7. 0-0 Bd6 8. Nbd2 0-0 9. h3 Bh5 10. e4 e5 11. Qe1 Re8 12. Nh4 Qc7 13. Nf5 Bf8 14. Kh1 a5 15. f4 exf4 16. gxf4 Bg6 17. Nh4 Nh5 18. e5 Be7 19. Nxg6 hxg6 20. d4 Qd8 21. Qe3 Nf8 22. Qf3 Bh4 23. Kg1 Ng3 24. c4 Ne6 25. cxd5 cxd5 26. Qxd5 Rc8 27. Nc4 b5 28. Nd6 Rc2 29. Nxe8 Qxe8 30. Bc1 Qc8 31. Qa8 Qxa8 32. Bxa8 Nxf1 33. Kxf1 Rf2+ 34. Kg1 Re2 0-1